| Tag |
First Indicator |
Second Indicator |
Subfields |
| LEADER |
00000cam a2200000 4500 |
| 001 |
in00000451421 |
| 005 |
20151012092105.0 |
| 008 |
720307s1927 nyu 00010 eng d |
| 010 |
|
|
|a 27019224
|
| 035 |
|
|
|a (OCoLC)00256402
|
| 035 |
|
|
|9 ABY6659AM
|
| 040 |
|
|
|c WSU
|d TXA
|d UtOrBLW
|
| 049 |
|
|
|a TXAM
|c 1 [252020]
|c 2 [226670]
|
| 090 |
|
|
|a HN373
|b .D5
|
| 100 |
1 |
|
|a Dietz, Frederick C.
|q (Frederick Charles),
|d 1888-
|
| 245 |
1 |
4 |
|a The industrial revolution /
|c by Frederick C. Dietz.
|
| 264 |
|
1 |
|a New York :
|b H. Holt and company,
|c [1927]
|
| 264 |
|
4 |
|c [©1927]
|
| 300 |
|
|
|a xi, 113 pages ;
|c 19 cm.
|
| 336 |
|
|
|a text
|b txt
|2 rdacontent
|
| 337 |
|
|
|a unmediated
|b n
|2 rdamedia
|
| 338 |
|
|
|a volume
|b nc
|2 rdacarrier
|
| 490 |
1 |
|
|a Berkshire studies in European history
|
| 651 |
|
0 |
|a Europe
|x Social conditions.
|
| 650 |
|
0 |
|a Industries
|z Europe.
|
| 651 |
|
0 |
|a Europe
|x Economic conditions.
|
| 830 |
|
0 |
|a Berkshire studies in European history.
|
| 999 |
|
|
|a MARS
|
| 999 |
f |
f |
|s adea2597-2336-35b7-ad2c-934880b1289b
|i 17450f0a-17b3-3026-9b7a-940e4e2720ca
|t 0
|
| 952 |
f |
f |
|p normal
|a Texas A&M University
|b College Station
|c Sterling C. Evans Library
|d Evans: Library Stacks
|t 0
|e HN373 .D5
|h Library of Congress classification
|i unmediated -- volume
|m A14802941314
|
| 998 |
f |
f |
|a HN373 .D5
|t 0
|l Evans: Library Stacks
|